Statistiques concernant Capitales africaines - Choix Multiple

Cliquez ici pour prendre le quiz!

Statistiques générales

  • Ce quiz a été pris 4 715 fois
    (4 677 depuis la dernière actualisation)
  • Le résultat moyen est 11 sur 15

Statistiques - réponses

QuestionRéponse% Correct
TunisieTunis
96%
MarocRabat
91%
MaliBamako
89%
EthiopieAddis Abeba
86%
CamerounYaoundé
84%
Côte d'IvoireYamoussoukro
78%
NigeriaAbuja
73%
MozambiqueMaputo
73%
GhanaAccra
68%
GambieBanjul
66%
ErythréeAsmara
60%
SeychellesVictoria
58%
LesothoMaseru
56%
ZambieLusaka
56%
BurundiGitega
52%

Distribution des résultats

Percentile par nombre de réponses

% des personnes avec chaque résultat

Votre développement - résultats

Vous n’avez pas pris ce quiz depuis la dernière actualisation